A mamã nunca me disse! (Registo nº 2003)

Detalhes MARC
000 -Etiqueta do registo
Cabeçalho 00802nam a22002891 4500
005 - Identificador da versão
Campo de controlo 20240813121922.0
010 ## - Número internacional normalizado dos livros (ISBN)
Número (ISBN) 9727103227
021 ## - Número do Depósito Legal
Código do país PT
Número 184888/02
100 ## - Dados gerais de processamento
Dados gerais de processamento 20070615d2003 bc y0pory5003 ba
102 ## - Pais de publicação ou produção
País de publicação Portugal
101 1# - Língua de publicação
Língua do texto, banda sonora, etc. Português
Língua do documento no original Inglês
106 ## - Campo de dados codificados: material textual
Dados codificados do material textual r
105 ## - Campo de dados codificados: livros
Dados codificados dos livros a z 000fy
215 ## - Descrição física 
Indicação específica da natureza do documento e extensão da espécie [32] p.
Outras indicações físicas todo il.
Dimensões 28 cm
200 1# - Titulo e menção de responsabilidade
Título próprio A mamã nunca me disse!
Primeira menção de responsabilidade Babette Cole
Outras menções de responsabilidade trad. Ana Paula Faria
205 ## - Menção da edição
Menção da edição 1ª ed.
210 ## - Publicação, Distribuição, etc. 
Lugar da edição, distribuição, etc. Lisboa
Nome do editor, distribuidor, etc. Terramar
Data da publicação, distribuição, etc. 2003
304 ## - Notas relativas a título e menção de responsabilidade 
Texto da nota Tít. orig.: Mummy never told me
606 ## - Nome comum usado como assunto
Número de registo de entrada de autoridade 0000001
Palavra de ordem Literatura estrangeira infantil
Subdivisão de assunto Conto
675 ## - Classificação Decimal Universal (CDU)
Notação 82-34
Edição
Língua da edição por
702 #1 - Nome de autor-pessoa física (responsabilidade secundária)
Número de registo de entrada de autoridade 0000280
Palavra de ordem Faria
Outra parte do nome não tomada para palavra de ordem Ana Paula
Código de função Tradutor
700 #1 - Nome de autor-pessoa física (responsabilidade principal)
Número de registo de entrada de autoridade 0000598
Palavra de ordem Cole
Outra parte do nome não tomada para palavra de ordem Babette
942 ## - Elementos de entrada adicionados (Koha)
Tipo de item no Koha Livro
Exemplares
Situação do levantamento Origin of item (home branch) (coded) Biblioteca de empréstimo Código de barras Cota Circulation type (not for loan) Tipo de documento Nota do exemplar Damaged status
  Biblioteca Escolar da Coca Maravilhas Biblioteca Escolar da Coca Maravilhas BECM6503/04 8EST COL   Livro Sem mensagem  
  Biblioteca Escolar da Coca Maravilhas Biblioteca Escolar da Coca Maravilhas BECM7536/06 8EST COL   Livro Sem mensagem  
  Biblioteca Escolar da Coca Maravilhas Biblioteca Escolar da Coca Maravilhas BECM7788/07 8EST COL   Livro Sem mensagem